| 000 | 01172nam a2200253 a 4500 | ||
|---|---|---|---|
| 001 | 56072 | ||
| 003 | BD-RjUL | ||
| 005 | 20211209080341.0 | ||
| 008 | 161126s1991 bg ||||| |||| 00| 0 ben d | ||
| 035 | _a(BD-RjUL)56196 | ||
| 040 |
_aBD-RjUL _bben _cBD-RjUL _dBD-RjUL |
||
| 041 | _aben | ||
| 082 |
_223 _a784.190954 _bDEV 1991 |
||
| 100 |
_aদেব, বি. চৈতন্য _9156984 |
||
| 245 | 1 | 0 |
_aভারতীয় বাদ্যযন্ত্র / _cবি. চৈতন্য দেব, অনুবাদ কৃষ্ণা বন্দ্যোপাধ্যায় |
| 260 |
_aইন্ডিয়া : _bন্যাশনাল বুক ট্রাস্ট, _c১৯৯১ |
||
| 300 |
_a[১০], ১৩১ পৃ. : _bচিত্র ; _c২৩ সেমি. |
||
| 490 | _aভারত-দেশ ও দেশবাসী | ||
| 650 |
_aবাদ্যযন্ত্র _zভারত _9145024 |
||
| 650 |
_aMusical Instruments _zIndia _9145025 |
||
| 700 |
_aবন্দ্যোপাধ্যায়, কৃষ্ণা _qঅনুবাদ _9166924 |
||
| 830 |
_aভারত-দেশ ও দেশবাসী _9166925 |
||
| 942 |
_2ddc _cBK |
||
| 999 |
_c56072 _d56072 |
||